| 000 | 00627nam a2200217Ia 4500 | ||
|---|---|---|---|
| 005 | 20241129111211.0 | ||
| 008 | 241129s9999||||xx |||||||||||||| ||und|| | ||
| 020 | _a978-93-92018-07-7 | ||
| 037 | _aTB | ||
| 040 |
_aCRL _beng _cCRL |
||
| 041 |
_aeng _2eng |
||
| 084 |
_aA0F R3 _qCRL |
||
| 100 |
_aPurkayastha Prabir Au. _9723617 |
||
| 245 | 0 |
_aKnowledge as commons: towards inclusive science as technology _cPurkayastha Prabir Au. |
|
| 260 |
_aNew Delhi, India _bLeftword books _c2023 |
||
| 300 | _a258p. | ||
| 365 |
_aINR _b395 |
||
| 650 | _aNatural Science | ||
| 942 |
_cTB _hA0F R3 |
||
| 999 |
_c1229359 _d1229359 |
||